| 000 | 00830nam a2200241Ii 4500 | ||
|---|---|---|---|
| 003 | JO-AjNU | ||
| 008 | 230605s9999||||xx |||||||||||||| ||und|| | ||
| 017 | _a2001/11566 | ||
| 020 | _a977-6050-01-8 | ||
| 040 |
_aJO-AjNU _bara _erda _cJO-AjNU |
||
| 041 | _aara | ||
| 050 | 1 | 4 | _aAG196.2002 |
| 100 | 3 |
_aمصطفى،مصطفى ابراهيم/اعداد, _eauthor _911744 |
|
| 245 | 0 | 0 | _aموسوعة الأذكياء :1000 سؤال وجواب،اسلاميات،ثقافة،علوم،تاريخ،جغرافيا،ادب |
| 250 | _aط1 | ||
| 264 | 3 | 1 | _aالمنصورة:دار الغد الجديد ،2002 |
| 300 | _a292ص | ||
| 336 |
_atext _btxt _2rdacontent |
||
| 337 |
_aunmediated _bn _2rdamedia |
||
| 338 |
_avolume _bnc _2rdacarrier |
||
| 490 | 0 | _aموسوعة الاذكياء | |
| 650 | 4 |
_aأسئلة وأجوبة _911745 |
|
| 999 |
_aA2482 _c6050 _d6050 |
||